Verzeichniss der Arabischen Handschriften / (Record no. 20547)

MARC details
000 -LEADER
campo de control de longitud fija 00790nam a2200229 i 4500
001 - NÚMERO DE CONTROL
campo de control 20547
003 - IDENTIFICADOR DE NÚMERO DE CONTROL
campo de control ES-MaACL
005 - FECHA Y HORA DE LA ÚLTIMA TRANSACCIÓN
campo de control 20230906152325.0
007 - CAMPO FIJO DE DESCRIPCIÓN FÍSICA--INFORMACIÓN GENERAL
campo de control de longitud fija t|
008 - DATOS DE LONGITUD FIJA--INFORMACIÓN GENERAL
campo de control de longitud fija 021114m18961897ddr ||||1| ger d
100 1# - ENTRADA PRINCIPAL--NOMBRE DE PERSONA
Nombre de persona Ahlwardt, Wilhelm.
9 (RLIN) 141881
245 14 - MENCIÓN DEL TÍTULO
Título Verzeichniss der Arabischen Handschriften /
Mención de responsabilidad, etc. von W. Ahlwardt.
260 ## - PUBLICACIÓN, DISTRIBUCIÓN, ETC.
Lugar de publicación, distribución, etc. Berlin :
Nombre del editor, distribuidor, etc. A.Asher,
Fecha de publicación, distribución, etc. 1896-1897.
300 ## - DESCRIPCIÓN FÍSICA
Extensión 2 v. ;
Dimensiones 31 cm.
490 1# - MENCIÓN DE SERIE
Mención de serie Handschriften-Verzeichnisse der Königlichen Bibliothek zu Berlin ;
Designación de volumen o secuencia 20-21
500 ## - NOTA GENERAL
Nota general Son los vol. 8 y 9.
650 #4 - PUNTO DE ACCESO ADICIONAL DE MATERIA--TÉRMINO DE MATERIA
Término de materia o nombre geográfico como elemento de entrada Manuscritos árabes.
9 (RLIN) 141882
710 2# - ENTRADA AGREGADA--NOMBRE DE ENTIDAD CORPORATIVA
Nombre de entidad corporativa o nombre de jurisdicción como elemento de entrada Königliche Bibliothek zu Berlin.
9 (RLIN) 141877
830 0# - PUNTO DE ACCESO ADICIONAL DE SERIE-TÍTULO UNIFORME
Título uniforme Handschriften-Verzeichnisse der Königlichen Bibliothek zu Berlin ;
Designación de volumen o secuencia 20-21
9 (RLIN) 228930
852 ## - LOCALIZACIÓN
Ubicación ES-MaACL
Número de control de estantería B-1154-55
Holdings
Estatus retirado Estado de pérdida Estado de daño No para préstamo Colección Biblioteca de origen Biblioteca actual Ubicación en estantería Fecha de adquisición Fuente de adquisición Total de préstamos Signatura topográfica completa Código de barras Visto por última vez Precio de reemplazo Tipo de ítem Koha
        Libros del s. XIX Biblioteca del Ateneo de Madrid Biblioteca del Ateneo de Madrid Sala Pardo Bazán 17/01/2008     B-1154-55 1021097 23/02/2023 23/02/2023 Libro impreso antiguo